LDR 01330naa#a2200181#i#450# 001 RU\\bibl\20323 005 20260701204511.3 100 ## _a20260630b2026####ek#y0rusy0150####ca 102 ## _aRU 200 1# _aАКУСТИЧЕСКАЯ ЛОКАЛИЗАЦИЯ ДЛЯ ДЕЦЕНТРАЛИЗОВАННЫХ РОЕВ БЕСПИЛОТНЫХ ЛЕТАТЕЛЬНЫХ АППАРАТОВ В УСЛОВИЯХ ОТСУТСТВИЯ GPS _eСтатья/тезисы конференции 210 1# _aВоронеж _cВоронежский государственный лесотехнический университет имени Г.Ф. Морозова _d2026 215 ## _a7 с. 608 ## _aСтатья/тезисы конференции _2local 675 ## _aАкустические измерения. 534.6 _aТелемеханика. Телеметрия. Установки для телеиндикации, телеметрии, телеуправления. 621.398 _aИскусственный интеллект в промышленных системах. Интеллектуальные САПР и АСУ. Интеллектуальные роботы. 004.896 _z 700 #1 _aШхагор _gМд Шхаханур Ислам 700 #1 _aЗаревич _gАнтон Иванович 700 #1 _aЗаревич _gМ. А. 856 4# _abibl.vgltu.ru _u